Yönetime giriş / (Record no. 1677)

MARC details
000 -LEADER
fixed length control field 01282cam a2200373 a 4500
001 - CONTROL NUMBER
control field data
005 - DATE AND TIME OF LATEST TRANSACTION
control field 20260322212112.0
008 - FIXED-LENGTH DATA ELEMENTS--GENERAL INFORMATION
fixed length control field data
035 ## - SYSTEM CONTROL NUMBER
System control number 23209584
010 ## - LIBRARY OF CONGRESS CONTROL NUMBER
LC control number 2022410377
035 ## - SYSTEM CONTROL NUMBER
System control number (OCoLC)13011604
040 ## - CATALOGING SOURCE
Original cataloging agency MIE
Language of cataloging eng
Transcribing agency MIE
Modifying agency DLC
-- OCLCQ
-- OCLCF
-- OCLCQ
-- OCLCO
-- OCLCQ
-- DLC
042 ## - AUTHENTICATION CODE
Authentication code lccopycat
050 00 - LIBRARY OF CONGRESS CALL NUMBER
Classification number HD37.T8
Item number B378 1984
100 1# - MAIN ENTRY--PERSONAL NAME
Personal name Başaran, İbrahim Ethem.
245 10 - TITLE STATEMENT
Title Yönetime giriş /
Statement of responsibility, etc. İbrahim Ethem Başaran.
250 ## - EDITION STATEMENT
Edition statement 1. basım.
260 ## - PUBLICATION, DISTRIBUTION, ETC.
Place of publication, distribution, etc. Ankara :
Name of publisher, distributor, etc. Ankara Üniversitesi Basımevi,
Date of publication, distribution, etc. 1984.
300 ## - PHYSICAL DESCRIPTION
Extent 254 pages ;
Dimensions 24 cm
336 ## - CONTENT TYPE
Content type term text
Content type code txt
Source rdacontent
337 ## - MEDIA TYPE
Media type term unmediated
Media type code n
Source rdamedia
338 ## - CARRIER TYPE
Carrier type term volume
Carrier type code nc
Source rdacarrier
490 1# - SERIES STATEMENT
Series statement Ankara Üniversitesi Eğitim Bilimleri Fakültesi yayınları ;
Volume/sequential designation no. 135
500 ## - GENERAL NOTE
General note Includes index.
546 ## - LANGUAGE NOTE
Language note In Turkish.
650 #0 - SUBJECT ADDED ENTRY--TOPICAL TERM
Topical term or geographic name entry element Management.
650 #6 - SUBJECT ADDED ENTRY--TOPICAL TERM
Topical term or geographic name entry element Gestion.
650 #7 - SUBJECT ADDED ENTRY--TOPICAL TERM
Topical term or geographic name entry element management.
Source of heading or term aat
650 #7 - SUBJECT ADDED ENTRY--TOPICAL TERM
Topical term or geographic name entry element Management.
Source of heading or term fast
Authority record control number or standard number (OCoLC)fst01007141
830 #0 - SERIES ADDED ENTRY--UNIFORM TITLE
Uniform title Ankara Üniversitesi Eğitim Bilimleri Fakültesi yayınları ;
Volume/sequential designation no. 135.
906 ## - LOCAL DATA ELEMENT F, LDF (RLIN)
a 7
b cbc
c copycat
d 3
e ncip
f 20
g y-nonroman
925 0# -
-- acquire
-- 1 shelf copy
-- policy default
955 ## - COPY-LEVEL INFORMATION (RLIN)
-- cm03 2023-07-03 to AMED
Holdings
Withdrawn status Lost status Damaged status Not for loan Home library Current library Shelving location Date acquired Total checkouts Full call number Barcode Date last seen Price effective from Koha item type
        Springfield Springfield General stacks 22/03/2026   HD37.T8 LOC-SPL-00020 22/03/2026 22/03/2026 Books